[Event "ECU-ch Schools U15 Clas1"]
[Site "Chess.com INT"]
[Date "2020.11.05"]
[Round "9"]
[White "Osorio Gonzalez, Jhampier Alexander"]
[Black "Gonzalez Lituma, Gabrian Jostyn"]
[Result "1-0"]
[WhiteElo "223"]
[BlackElo "209"]
[PlyCount "73"]
[EventDate "2020.11.05"]
[EventType "swiss"]
[EventRounds "9"]
[EventCountry "ECU"]
[SourceTitle "EXT 2022"]
[Source "ChessBase"]
[SourceDate "2021.10.06"]
[SourceVersion "1"]
[SourceVersionDate "2021.10.06"]
[SourceQuality "1"]

1. e4 e5 2. Nf3 Nc6 3. Bc4 Bc5 4. Nc3 Nf6 5. d3 h6 6. h3 d6 7. Be3 Bb6 8. 0-0 0-0 9. Nh2 Bxe3 10. fxe3 a6 11. Ne2 b5 12. Bd5 Nxd5 13. exd5 Ne7 14. e4 Ng6 15. Ng3 Qg5 16. Qf3 Nh4 17. Qf2 Ng6 18. Nf3 Qf4 19. Nh5 Qxf3 20. Qxf3 Nh4 21. Qg3 Ng6 22. Rf2 Bd7 23. Raf1 c6 24. dxc6 Bxc6 25. Rxf7 Rxf7 26. Qxg6 Rxf1+ 27. Kxf1 Rf8+ 28. Kg1 Rf7 29. Qxd6 Bb7 30. Qb8+ Kh7 31. Qxe5 g6 32. Nf6+ Kh8 33. Nh5+ Kh7 34. Nf6+ Kh8 35. Nd5+ Kh7 36. Qe8 Rg7 37. Nf6# 1-0

[Event "ECU-ch Schools U15 Clas1"]
[Site "Chess.com INT"]
[Date "2020.11.05"]
[Round "3"]
[White "Ramos Proano, Leonardo Josue"]
[Black "Gonzalez Lituma, Gabrian Jostyn"]
[Result "1-0"]
[WhiteElo "1737"]
[BlackElo "209"]
[PlyCount "69"]
[EventDate "2020.11.05"]
[EventType "swiss"]
[EventRounds "9"]
[EventCountry "ECU"]
[SourceTitle "EXT 2022"]
[Source "ChessBase"]
[SourceDate "2021.10.06"]
[SourceVersion "1"]
[SourceVersionDate "2021.10.06"]
[SourceQuality "1"]

1. g3 g6 2. Bg2 Bg7 3. e4 e5 4. Ne2 Ne7 5. 0-0 0-0 6. d4 exd4 7. Nxd4 b6 8. Nc3 Bb7 9. Bg5 h6 10. Be3 d6 11. f4 Nd7 12. Nd5 Nxd5 13. exd5 Nf6 14. Nc6 Bxc6 15. dxc6 h5 16. c4 Ng4 17. Bd4 Nf6 18. b4 Re8 19. Qd3 a6 20. Rad1 a5 21. c5 axb4 22. cxb6 Ra3 23. Qb5 cxb6 24. Bxb6 Qb8 25. c7 Qc8 26. Rxd6 Ra8 27. Rd8 Rxd8 28. cxd8Q+ Qxd8 29. Bxd8 Rxd8 30. Qxb4 Nd5 31. Bxd5 Rxd5 32. Re1 Kh7 33. Re7 Bf8 34. Rxf7+ Kg8 35. Qxf8# 1-0